Manuscripts and the Text of the New testament: An introduction for English Readers. (Record no. 145)

MARC details
000 -LEADER
fixed length control field 00431nam a22001217a 4500
005 - DATE AND TIME OF LATEST TRANSACTION
control field 20200810111145.0
008 - FIXED-LENGTH DATA ELEMENTS--GENERAL INFORMATION
fixed length control field 200810b ||||| |||| 00| 0 eng d
020 ## - INTERNATIONAL STANDARD BOOK NUMBER
International Standard Book Number 0567292983
040 ## - CATALOGING SOURCE
Transcribing agency CML
245 ## - TITLE STATEMENT
Title Manuscripts and the Text of the New testament: An introduction for English Readers.
Statement of responsibility, etc. Elliott .K & Moir I
260 ## - PUBLICATION, DISTRIBUTION, ETC.
Place of publication, distribution, etc. Scotland
Name of publisher, distributor, etc. T & T Clark Edinburgh Ltd
Date of publication, distribution, etc. 1995
942 ## - ADDED ENTRY ELEMENTS (KOHA)
Source of classification or shelving scheme Dewey Decimal Classification
Koha item type Books
Edition 1st Edition
Classification part 225.04
Call number suffix ELL
Holdings
Withdrawn status Lost status Source of classification or shelving scheme Damaged status Not for loan Collection code Home library Current library Shelving location Date acquired Total Checkouts Full call number Barcode Date last seen Price effective from Koha item type
    Dewey Decimal Classification     Religion Chalimbana Main Library Chalimbana Main Library Religion 08/10/2020   225.04 ELL 9780567292988 08/10/2020 08/10/2020 Books

Powered by Koha